| 000 | 01022nam a2200277 a 4500 | ||
|---|---|---|---|
| 001 | 000034973 | ||
| 005 | 20240509120303.0 | ||
| 008 | 111024s1974 sp 000 0 spa d | ||
| 020 | _a8421102966 | ||
| 040 |
_aDO-SdBNP _bspa _cBNPHU |
||
| 041 | 1 | 7 |
_aspa _hfre |
| 100 | 1 |
_aBarthelemy-Madaule, Madeleine _960568 |
|
| 245 | 1 | 3 |
_aLa ideología del azar y de la necesidad / _cMadeleine Barthelemy-Madaule ; traducción de Juan Senén. |
| 260 |
_aBarcelona : _bBarral Editores, _c1974. |
||
| 300 |
_a254 p. ; _c20 cm. |
||
| 490 | 0 |
_aBreve biblioteca de respuesta ; _v96 |
|
| 500 | _aTít. original: L'idéologie du hasard et de la nécessité | ||
| 504 | _aIncluye bibliografía y referencias | ||
| 600 | 1 | 4 |
_aBERGSON, HENRI, _d1859-1941 _98731 |
| 600 | 1 | 4 |
_aTEILHARD DE CHARDIN, PIERRE, _d1881-1955 _95222 |
| 650 | 2 | 0 |
_aIdeología _99534 |
| 650 | 2 | 4 |
_aCambio (filosofía) _960569 |
| 650 | 2 | 4 |
_aNecesidad (filosofía) _960570 |
| 700 | 1 |
_aSenén, Juan, _etrad. _960571 |
|
| 830 | 0 |
_aBreve biblioteca de respuesta ; _n96 _960572 |
|
| 999 |
_c34464 _d34464 |
||